Беспрессовые методы формообразования листового металла: материалы семинара; сборник 1

Bibliografiske detaljer
Institution som forfatter: Московский Дом научно-технической пропаганды
Andre forfattere: Кузьмин Л. П. (редактор)
Sprog:russisk
Udgivet: Москва, Изд-во МДНТП, 1962
Fag:
Format: MixedMaterials Bog
KOHA link:https://koha.lib.tpu.ru/cgi-bin/koha/opac-detail.pl?biblionumber=105279

MARC

LEADER 00000nam0a2200000 4500
001 105279
005 20231101214611.0
035 |a (RuTPU)RU\TPU\book\113573 
090 |a 105279 
100 |a 20061114d1962 m y0rusy50 ca 
101 0 |a rus 
102 |a RU 
105 |a a z 001zy 
200 1 |a Беспрессовые методы формообразования листового металла  |e материалы семинара  |e сборник 1  |f Московский Дом научно-технической пропаганды; под ред. Л. П. Кузьмина 
210 |a Москва  |c Изд-во МДНТП  |d 1962 
215 |a 90 с.  |c ил. 
320 |a Библиография в конце глав. 
610 1 |a листовой металл 
610 1 |a формообразование 
610 1 |a беспрессовые методы 
610 1 |a технологические процессы 
675 |a 621.773  |v 3 
702 1 |a Кузьмин  |b Л. П.  |4 340 
712 0 2 |a Московский Дом научно-технической пропаганды  |2 stltpush  |3 (RuTPU)RU\TPU\col\7885  |9 24405 
801 1 |a RU  |b 63413507  |c 20061114  |g PSBO 
801 2 |a RU  |b 63413507  |c 20080408  |g PSBO 
942 |c BK